000 01526cam a2200421 i 4500
001 zz2003970027
003 NUKAT
005 20260401121444.0
008 030704s1995 pl a g |000 1 pol c
020 _a8390108674
_q(oprawa twarda)
035 _a(OCoLC)1412896782
035 _a(NUKAT)zz2003970027
040 _aTOR U/EC
_bpol
_erda
_cTOR U/EC
_dTOR U/AP
_dTOR U/an7s
_dOLSZT 008/bak
099 _ahh_342830
245 0 0 _aBigos myśliwski /
_czebrał Bronisław Sałuda.
260 _aOlsztyn :
_bAgencja Fotograficzno-Wydawnicza "Mazury",
_c1995.
300 _a238, [2] strony :
_bilustracje ;
_c22 cm.
336 _aTekst
_btxt
_2rdacontent
337 _aBez urządzenia pośredniczącego
_bn
_2rdamedia
338 _aWolumin
_bnc
_2rdacarrier
380 _aKsiążki
380 _aProza
386 _mPrzynależność kulturowa
_aLiteratura polska
504 _aBibliografia na stronach 237-238.
650 7 _aŁowiectwo
_2DBN
_939390
650 7 _aZwierzęta
_xw literaturze.
_2kaba
_939391
650 7 _aPolowanie
_xw literaturze.
_2kaba
_939392
650 7 _aPolowanie
_xcytaty.
_2kaba
_939393
655 7 _aAnegdoty
_2DBN
_937913
655 7 _aAntologia
_2DBN
_934961
655 7 _aLegendy i podania
_2DBN
_936217
655 7 _aPrzysłowia
_2DBN
_937914
655 7 _aSatyra
_2DBN
_934990
700 1 _aSałuda, Bronisław
_d(1927-2019).
_eOpracowanie
_eWybór
_931561
710 2 _aAgencja Fotograficzno-Wydawnicza "Mazury".
_eWydawca
_4pbl
_913040
920 _a83-901086-7-4 (oprawa twarda)
942 _2ddc
_cBK_NM
999 _c27408
_d27408